Statistics for Enstars Song Quiz

Click here to take the quiz!

General Stats

  • This quiz has been taken 114 times
  • The average score is 81 of 225

Answer Stats

HintAnswer% Correct
Crazy:BCrazy Roulette
74%
EveTrap For You
74%
ALKALOIDKiss of Life
73%
EdenTHE GENESIS
73%
Double Face=EYE=
71%
Crazy:BHoneycomb Summer
68%
UNDEADMelody in the Dark
68%
EveSunlit Smile!
68%
XXVeilMidnight Butlers
67%
UNDEADValentine Eve's Nightmare
67%
√AtoZDate Plan A to Z
65%
Switch × EdenMajestic Magic
65%
La MortNoir Neige
65%
Crazy:BBe The Party Bee!
64%
Five EccentricsEccentric Party Night
64%
KnightsMystic Fragrance
64%
KnightsSilent Oath
64%
ALKALOIDBelieve 4 leaves
63%
Double FaceStippling
62%
ValkyrieLast Lament
60%
Getto SpectacleMoonlight Disco
60%
Crazy:BNoisy:Beep
60%
fineThe Tempest Night
60%
Double FaceNo name yet
59%
TrickstarFinder Girl
58%
Crazy:B × 2winkLEMON SQUASH CHEERS!
58%
AdamThe Beast of the End
58%
ValkyrieAcanthe
56%
Ring.A.BellAisle, be with you
56%
TrickstarBREAKTHROUGH!
56%
ALKALOIDDistorted Heart
56%
Crazy:BRISKY VENUS
56%
KnightsVoice of Sword
56%
ALKALOID × ValkyrieArtistic Partisan
55%
Valkyrie Solo (Shu)Cloth Waltz
55%
UNDEADFORBIDDEN RAIN
55%
Crazy:BPARANOIA STREET
55%
UNDEAD × AKATSUKIPERFECTLY-IMPERFECT
55%
BrancoSweet Sweet White Song
55%
Ensemble Stars!!BRAND NEW STARS!!
54%
EdenDance in the Apocalypse
54%
ValkyrieEternal Weaving
54%
KnightsFight for Judge
54%
Jin & AkiomiRainbow Stairway
54%
MaMBlooming World
53%
EdenEXCEED
53%
Ra*bitsJoyful×Box
53%
Ra*bitsLove it Love it
53%
Ra*bitsMelty♡Kitchen
53%
Knights Solo (Arashi)JEWEL STONE
51%
ALKALOIDLiving on the edge
51%
EdenAwakening Myth
50%
DEADMANZDeath Game Holic
50%
ALKALOIDHysteric Humanoid
50%
SwitchI "Witch" You A Happy Halloween!
50%
KnightsLittle Romance
50%
TrickstarRebellion Star
50%
SwitchTemptation Magic
50%
Ensemble Stars!!FUSIONIC STARS!!
49%
TrickstarInfinite Star
49%
SwitchMagic for your "Switch"
49%
TrickstarONLY YOUR STARS!
49%
Eden Solo (Ibara)Poison Strategy
49%
SwitchEmerald Planet
47%
UNDEADGate of the Abyss
47%
Ra*bitsLove Ra*bits Party!!
47%
2winkPlay "Tag"
47%
UNDEAD Solo (Rei)Bloody Moon Vampire
46%
Ra*bitsFALLIN' LOVE=IT'S WONDERLAND
46%
ValkyrieMémoire Antique
46%
UNDEAD Solo (Adonis)Saql Faith
46%
2winkTRICK with TREAT!! (with UNDEAD)
46%
Ensemble Stars!!Walk with your smile
46%
ALKALOIDYou're Speculation
46%
Knights Solo (Leo)Birthday Of Music!
45%
UNDEADDESTRUCTION ROAD
45%
SwitchKnockin' Fantasy
45%
fineNeo Sanctuary
45%
KnightsPromise Swords
45%
TrickstarCHERRY HAPPY STREAM
44%
UNDEAD Solo (Kaoru)Feather Heartache
44%
ValkyrieGaisenka
44%
AdamRuler's Truth
44%
RYUSEITAIRyusei Hanabi
44%
Crazy:BYubisaki no Ariadne
44%
Eden Solo (Hiyori)Fantastic Days◎
42%
Knights Solo (Izumi)Ironic Blue
42%
UNDEADNightless World
42%
MaMFestive!
41%
ex-fineGenuine Revelation
41%
Ra*bitsMilky Starry Charm
41%
ValkyrieMiwaku Geki
41%
UNDEAD Solo (Koga)RIOT WOLF
41%
KnightsArticle of Faith
40%
TrickstarBIGBANG REFLECTION!!
40%
SwitchBrilliant Smile
40%
ValkyrieRaisanka
40%
SwitchRomancing Cruise
40%
Eden Solo (Jun)Back-alley Monologue
38%
EdenDeep Eclipse
38%
fineHoly Angel's Carol
38%
SCREEN10Life is so Dramatic!!
38%
TrickstarHEART→BEATER!!!!
37%
Switch Solo (Natsume)Secret Gravity
37%
Knights Solo (Tsukasa)With My Honesty
37%
UNDEADDarkness 4
36%
KnightsGrateful allegiance
36%
UNDEADIMMORAL WORLD
36%
Ensemble Stars!!Surprising Thanks!!
36%
UNDEADSustain Memories
36%
RYUSEITAI Solo (Tetora)IRON HEART TIGER!
35%
KnightsKnights the Phantom Thief
35%
fineOwaranai Symphonia
35%
UNDEADSavage Love Affair
35%
Double FaceSecret of Metropolis
35%
RYUSEITAI × KnightsSeishun Emergency
35%
2winkSwee2wink Love Letter
35%
AKATSUKI Solo (Kuro)Crimson Soul
33%
Trickstar × fineCrossing×Heart
33%
TrickstarDaydreamxReality
33%
2winkFighting Dreamer
33%
fine Solo (Tori)Little Little Prince Star
33%
Trickstar Solo (Mao)MAGICIAN'S PLAY!
33%
fine Solo (Eichi)SHINING STAR
33%
Valkyrie Solo (Mika)Kohaku to Ruri no Rondo
32%
fineRAINBOW CIRCUS
32%
fine Solo (Wataru)Amazing☆World
31%
UNDEADBreak the Prison
31%
RYUSEITAIGROWING STARRY DAYS
31%
RYUSEITAI Solo (Kanata)Marine Blue Rendezvous
31%
Switch Solo (Sora)VIVID ROLE-PLAYING
31%
2wink2wink Introduction
29%
KnightsCheckmate Knights
29%
fineFeathers of Ark
29%
UNDEADHoney Milk wa Okonomi de
29%
MaM Solo (Madara)See You Again
29%
RYUSEITAIUnlimited☆Power!!!!!
29%
RYUSEITAI Solo (Chiaki)ALWAYS HERO!
28%
Ra*bits Solo (Tomoya)Higher↑ Higher↑
28%
TrickstarKiseki
28%
2wink Solo (Yuta)SPICY BREEZE
28%
ALKALOIDTsubasa Moratorium
28%
ValkyrieUruwashi no Nightingale
28%
SwitchGalaxy Destiny
27%
Ra*bits Solo (Hajime)Happy Coming*Tea Time
27%
ValkyrieKoyoi Tsuki no Yakata ni te
27%
Double FaceSleeper Mystery Train
27%
SwitchEaster Carnival
26%
Puffy☆BunnyParadigm Reversi!
26%
Ra*bits × Double FacePocket ni Uchuu
26%
RYUSEITAISUPER NOVA REVOLU5TAR
26%
Band BkuBBUKUBU NEW STARS!!
24%
KnightsCastle of my Heart
24%
2winkHeart Prism・Symmetry
24%
fineKoi wa Primavera!
24%
Knights Solo (Ritsu)Mayonaka no Nocturne
24%
SwitchOmoi no Kakera
24%
RYUSEITAISuisei HALATION
24%
2wink Solo (Hinata)SwEeT MeLlOw MeLoDy
24%
TrickstarWelcome to the Trickstar Night☆
24%
fine Solo (Yuzuru)Zutto Soba de...
24%
Switch Solo (Tsumugi)Bluebird Humming♪
23%
EdenRakuen Tsuihou -Faith Conquest-
23%
Akiomi SoloBUTTERFLY EFFECT
22%
Knights KillersCrush of Judgment
22%
Trickstar Solo (Subaru)My Starry Point
22%
ex-ValkyrieSajou no Roukaku
22%
ex-ValkyrieSei Shounen Yuugi
22%
Jin & AkiomiSentimental Liars
22%
Ra*bits Solo (Mitsuru)Start♪ Dash Dash!
22%
Trickstar Solo (Makoto)Walking On My Sunny Road
22%
Trickstar1st SING-ALONG☆
21%
Ra*bitsMade in Tokimeki♪
21%
fineMiracle Dream Traveler
21%
TrickstarUnstoppable Love!
21%
MaMYukai Tsuukai That's Alright!
21%
TrickstarDIAMOND SUMMER
19%
Jin & AkiomiEnsemble Taisou!!
19%
AKATSUKIGekkou Kitan
19%
fineHabataki no Fortissimo
19%
2wink2winkle Star Beat☆
18%
SwitchA little bit UP!!
18%
FraternityEndless Vide
18%
AKATSUKIHana Akari no Koibum
18%
AKATSUKIKengeki no Mai
18%
2winkMischievous Party Time!!
18%
Trickstar Solo (Hokuto)STARSEEK WAYFARER
18%
AKATSUKI Solo (Keito)Akaneji no Kaikou
17%
fineTryst of Stars
17%
AKATSUKIUsubeniiro no Yakusoku
17%
AKATSUKIAkatsuki Iroha Uta
15%
Ra*bitsHoppin' Season♪
15%
2winkKangei☆2wink Zatsugidan
15%
RYUSEITAI Solo (Midori)Mahiru no Zanzou
15%
RYUSEITAI Solo (Shinobu)Shippuu Jinrai Shinobi Michi
15%
AKATSUKIZan -Ketsui no Yaiba-
15%
Ra*bitsDream Collection
14%
AKATSUKIMatsuriyo Emaki
14%
RYUSEITAIMeteor Scramble☆RYUSEITAI
14%
Ra*bits Solo (Nazuna)Niichan Ouen Dan☆
14%
Ra*bitsNousagi March♪
14%
AKATSUKIGekka Musou, Kurenai no Mai
13%
AKATSUKIHyakka Ryouran, Akatsukiyo
13%
2winkPOLYPHONIC WORLD
13%
RYUSEITAITenka Muteki☆Meteorangers!
13%
2winkWONDER WONDER TOY LAND
13%
Jin SoloBinetsu Carnival
12%
RYUSEITAIHeart Heat Beat
12%
fineNever-ending Stage!!!!
12%
AKATSUKIOmoide Tsuzuri
12%
AKATSUKI Solo (Souma)Ouka Kenran Seishunka
12%
MaM with Team UshiwakamaruTsujikaze ni Fukarete
12%
Eden Solo (Nagisa)Umare Ochita Kono Sekai de
12%
fineHajimari no Fantasia
10%
MaMHandcraft
10%
MaMKimi Shirushi Be Ambitious!!
10%
RYUSEITAINekketsu☆Ryusei Ninpouchou
10%
TrickstarNijiiro no Seasons
9%
MaM with AKATSUKIRevolTrad ~Ishin-Denshin~
8%
AKATSUKIYozora, Saritote Kasasagi wa
8%
RYUSEITAIGoshoku no Shooting☆Star!!!!!
6%
2winkSugar Spice Hoteishiki
5%
Ra*bitsUsagi no Mori no Ongakkai
4%
RYUSEITAIYumenosaki Ryuseitai Uta
3%
AKATSUKINatsutori no Uta -Summer Bird-
1%

Score Distribution

Percentile by Number Answered

Percent of People with Each Score

Your Score History

You have not taken this quiz